000 04199nam a22004217a 4500
005 2012050802292.0
010 _aB-458011-8030
020 _a9788126916313
_c695.00
035 _aB-458011-8030
037 _bK.K.Pub/Ven
082 _a332.41
100 _aGupta, K. R.
_9712
245 _aInflation :
_bissues and concerns /
_cby K. R. Gupta
260 _aNew Delhi
_bAtlantic Publishers
_c2011
300 _axii, 347p.
_c23 cm. (Hb)
942 _2ddc
_cEN
_mGUP
_h332.41
999 _c66324
_d66324